Les featurings de Hamza - Mort subite - Statistiques

Statistiques générales
  • Ce quiz a été pris 455 fois
  • Le résultat moyen est 7 sur 10
Answers on the Grid
Answers color-coded by a green-red scale on the quiz's grid according to % correct below.
Werenoi
Gambi
Tiakola
Kore
The Magician
Damso
Gazo
PLK
SDM
Booba
Jok'air
Nekfeu
Niro
Nahir
PNL
Gradur
 
Statistiques - réponses
Réponse % Correct
Damso
90%
Tiakola
85%
PLK
84%
Werenoi
84%
Gazo
78%
SDM
78%
Gambi
66%
Kore
59%
The Magician
44%
Gradur
37%
Aucun quiz correspondant
Distribution des résultats
% des personnes avec chaque résultat
Percentile par nombre de réponses
Votre historique - résultats
Vous n’avez pas pris ce quiz